000 00485nam a2200157 a 4500
001 000036476
005 20200930075743.0
008 120118s1996 xxuac 000 0 spa d
020 _a1567993923
040 _aDO-SdBNP
_bspa
_cBNPHU
082 _axxx
_bO97r
100 1 _aOwens, Thomas S.
_962703
245 1 0 _aRemember when :
_bA nostalgic look at Americaʻs National Pastime /
_cThomas S. Owens.
260 _aNew York :
_bMetro Books,
_c1996.
300 _a176 p. :
_bil. retrs. ;
_c34 cm.
999 _c35967
_d35967